Vocabulaire de la famille en allemand - Statistiques

Statistiques générales
  • Ce quiz a été pris 236 fois
  • Le résultat moyen est 13 sur 16
Statistiques - réponses
En allemand En français % Correct
Mutter Mère
100%
Vater Père
100%
Onkel Oncle
95%
Tante Tante
95%
Bruder Frère
94%
Oma Grand-mère
94%
Opa Grand-père
94%
Schwester Soeur
93%
Sohn Fils
92%
Tochter Fille
90%
Frau Femme
89%
Mann Homme
88%
Großeltern Grands-parents
72%
Geschwister Frères et soeurs
41%
Enkelin Petite-fille
30%
Enkel Petit-fils
30%
Aucun quiz correspondant
Distribution des résultats
% des personnes avec chaque résultat
Percentile par nombre de réponses
Votre historique - résultats
Vous n’avez pas pris ce quiz